ARRUPE JESUIT UNIVERSITY

CORONAVIRUS -STOP THE SPREAD - CLEAN,DISINFECT,COVER

Fitness for dummies / (Record no. 128633)

MARC details
000 -LEADER
fixed length control field 01349cam a22003254a 4500
001 - CONTROL NUMBER
control field 11788230
003 - CONTROL NUMBER IDENTIFIER
control field ARRUPE
005 - DATE AND TIME OF LATEST TRANSACTION
control field 20181122103011.0
008 - FIXED-LENGTH DATA ELEMENTS--GENERAL INFORMATION
fixed length control field 990914s2000 caua 001 0 eng
010 ## - LIBRARY OF CONGRESS CONTROL NUMBER
LC control number 99067170
020 ## - INTERNATIONAL STANDARD BOOK NUMBER
International Standard Book Number 0764551671 (paperback : alk. paper)
040 ## - CATALOGING SOURCE
Original cataloging agency DLC
Transcribing agency DLC
Modifying agency DLC
042 ## - AUTHENTICATION CODE
Authentication code pcc
050 00 - LIBRARY OF CONGRESS CALL NUMBER
Classification number GV481.S345
082 00 - DEWEY DECIMAL CLASSIFICATION NUMBER
Classification number 613.7/1
Edition number 21
300 ## - PHYSICAL DESCRIPTION
Other physical details ill. ;
Dimensions 24 cm.
100 1# - MAIN ENTRY--PERSONAL NAME
Personal name Schlosberg, Suzanne.
9 (RLIN) 43599
245 10 - TITLE STATEMENT
Title Fitness for dummies /
Statement of responsibility, etc by Suzanne Schlosberg and Liz Neporent.
250 ## - EDITION STATEMENT
Edition statement 2nd ed.
260 ## - PUBLICATION, DISTRIBUTION, ETC. (IMPRINT)
Place of publication, distribution, etc Foster City, CA :
Name of publisher, distributor, etc IDG Books Worldwide,
Date of publication, distribution, etc c2000.
300 ## - PHYSICAL DESCRIPTION
Extent xxiv, 406 p. :
500 ## - GENERAL NOTE
General note Includes index.
650 #0 - SUBJECT ADDED ENTRY--TOPICAL TERM
Topical term or geographic name as entry element Exercise.
9 (RLIN) 43600
650 #0 - SUBJECT ADDED ENTRY--TOPICAL TERM
Topical term or geographic name as entry element Physical fitness programs
9 (RLIN) 43601
700 1# - ADDED ENTRY--PERSONAL NAME
Personal name Neporent, Liz.
9 (RLIN) 43602
856 42 - ELECTRONIC LOCATION AND ACCESS
Materials specified Contributor biographical information
Uniform Resource Identifier <a href="http://www.loc.gov/catdir/bios/wiley045/99067170.html">http://www.loc.gov/catdir/bios/wiley045/99067170.html</a>
856 42 - ELECTRONIC LOCATION AND ACCESS
Materials specified Publisher description
Uniform Resource Identifier <a href="http://www.loc.gov/catdir/description/wiley038/99067170.html">http://www.loc.gov/catdir/description/wiley038/99067170.html</a>
856 41 - ELECTRONIC LOCATION AND ACCESS
Materials specified Table of contents
Uniform Resource Identifier <a href="http://www.loc.gov/catdir/toc/wiley023/99067170.html">http://www.loc.gov/catdir/toc/wiley023/99067170.html</a>
906 ## - LOCAL DATA ELEMENT F, LDF (RLIN)
a 7
b cbc
c orignew
d 2
e epcn
f 19
g y-gencatlg
942 ## - ADDED ENTRY ELEMENTS (KOHA)
Source of classification or shelving scheme Library of Congress Classification
Koha item type Monograph ( Printed materials)
Holdings
Withdrawn status Lost status Source of classification or shelving scheme Damaged status Not for loan Collection code Home library Current library Shelving location Date acquired Total Checkouts Full call number Barcode Date last seen Price effective from Koha item type
    Library of Congress Classification     Main Collection ARRUPE LIBRARY ARRUPE LIBRARY Main Collection 22/11/2018   GV481.S345 46600002573 22/11/2018 22/11/2018 Monograph ( Printed materials)

 

Arrupe Library. PO Box MP320 Mt Pleasant, Harare, Zimbabwe
263 242 745411|librarian@aju.ac.zw